[Event "Mumbai Wealth rating op 4th"]
[Site "Mumbai"]
[Date "2019.01.01"]
[Round "3"]
[White "Vedant, Nitin Vekhande"]
[Black "Kothari, Swapnil"]
[Result "0-1"]
[WhiteElo "1564"]
[BlackElo "1870"]
[PlyCount "180"]
[EventDate "2018.12.30"]
[EventType "swiss"]
[EventRounds "9"]
[EventCountry "IND"]
[SourceTitle "CBM 188 Extra"]
[Source "ChessBase"]
[SourceDate "2019.02.26"]
[SourceVersion "1"]
[SourceVersionDate "2019.02.26"]
[SourceQuality "1"]

1. e4 c5 2. Nf3 d6 3. d4 cxd4 4. Nxd4 Nf6 5. Nc3 Nc6 6. Be3 e6 7. Be2 Be7 8. 0-0 0-0 9. f4 Bd7 10. Qe1 Rc8 11. Rd1 a6 12. Nxc6 Bxc6 13. Bf3 Qc7 14. Qf2 b5 15. a3 Qb7 16. e5 dxe5 17. fxe5 Ne4 18. Nxe4 Bxe4 19. c3 Bxf3 20. Qxf3 Qc7 21. Bd4 Bc5 22. Qe3 Bxd4 23. cxd4 Qb7 24. Qf3 Qb6 25. Qf2 Qb7 26. Qf3 Qa7 27. Qf2 Qe7 28. Rc1 Rfd8 29. h3 Rc7 30. Rxc7 Qxc7 31. Rd1 Qc4 32. Qd2 h6 33. Qd3 Qd5 34. Qf3 Qd7 35. Kh2 Qc7 36. Qc3 Qd7 37. Qf3 Qc7 38. Qc3 Qb8 39. Qc6 Rxd4 40. Rxd4 Qxe5+ 41. Kh1 Qe1+ 42. Kh2 Qe5+ 43. Kh1 Qxd4 44. Qe8+ Kh7 45. Qxf7 Qxb2 46. Qxe6 Qa1+ 47. Kh2 Qxa3 48. Qf5+ Kg8 49. Qc8+ Qf8 50. Qxa6 Qb8+ 51. g3 b4 52. Qe6+ Kh8 53. Qb3 Qb6 54. Kg2 Qc5 55. Kf3 Qf5+ 56. Kg2 Qe4+ 57. Kf2 Qd4+ 58. Kf3 Qf6+ 59. Ke4 Qd6 60. h4 Qd2 61. Qf7 Qg2+ 62. Kd4 Qxg3 63. h5 Qc3+ 64. Ke4 Qc2+ 65. Kd4 b3 66. Qe8+ Kh7 67. Qg6+ Qxg6 68. hxg6+ Kxg6 69. Kc3 h5 70. Kxb3 h4 71. Kc3 h3 72. Kd3 h2 73. Ke3 h1R 74. Ke4 Rf1 75. Ke5 Kf7 76. Ke4 g5 77. Ke5 g4 78. Ke4 g3 79. Ke3 g2 80. Ke4 g1R 81. Kd5 Rf6 82. Ke5 Rg5+ 83. Ke4 Ra5 84. Kd4 Rf4+ 85. Ke3 Rb4 86. Kd3 Ra3+ 87. Kc2 Rh4 88. Kb2 Rg3 89. Kc2 Rh2+ 90. Kd1 Rg1# 0-1

[Event "Mumbai Wealth op 3rd"]
[Site "Mumbai"]
[Date "2018.01.03"]
[Round "5"]
[White "Kothari, Swapnil"]
[Black "Rindhiya, V."]
[Result "0-1"]
[WhiteElo "1941"]
[BlackElo "1659"]
[PlyCount "84"]
[EventDate "2017.12.30"]
[EventType "swiss"]
[EventRounds "9"]
[EventCountry "IND"]
[SourceTitle "CBM 182 Extra"]
[Source "ChessBase"]
[SourceDate "2018.02.23"]
[SourceVersion "1"]
[SourceVersionDate "2018.02.23"]
[SourceQuality "1"]

1. d4 d5 2. c4 e6 3. Nc3 Nf6 4. Bg5 Be7 5. Nf3 b6 6. e3 Bb7 7. Rc1 Nbd7 8. Be2 0-0 9. 0-0 c5 10. dxc5 Nxc5 11. Qc2 Nfe4 12. Bxe7 Qxe7 13. cxd5 exd5 14. Rfd1 Rac8 15. Nxd5 Bxd5 16. Rxd5 Nxf2 17. Re5 Qb7 18. Qb1 Ng4 19. Ng5 Nf6 20. Rf1 Ncd7 21. Rc1 Nc5 22. Rf1 Ncd7 23. Bf3 Qc7 24. Rf5 g6 25. Rf4 Qc5 26. Nh3 Qxe3+ 27. Kh1 Rfe8 28. Bb7 Rc5 29. b4 Rce5 30. Bc6 R5e7 31. R4f3 Qd2 32. R3f2 Re2 33. Rf4 Re1 34. Qb3 R1e7 35. R4f3 Re3 36. Qb1 R3e7 37. Bxd7 Re2 38. R3f2 R2e7 39. Rf3 Nxd7 40. Qb3 Ne5 41. R3f2 Qd3 42. Ra1 Qd8 0-1

[Event "Mumbai Wealth op 3rd"]
[Site "Mumbai"]
[Date "2017.12.30"]
[Round "1"]
[White "Kothari, Swapnil"]
[Black "Swati, Ghate"]
[Result "0-1"]
[WhiteElo "1941"]
[BlackElo "2277"]
[PlyCount "88"]
[EventDate "2017.12.30"]
[EventType "swiss"]
[EventRounds "9"]
[EventCountry "IND"]
[SourceTitle "CBM 182 Extra"]
[Source "ChessBase"]
[SourceDate "2018.02.23"]
[SourceVersion "1"]
[SourceVersionDate "2018.02.23"]
[SourceQuality "1"]

1. d4 Nf6 2. c4 e6 3. Nc3 Bb4 4. Bd2 d5 5. e3 0-0 6. Nf3 b6 7. Rc1 a6 8. cxd5 exd5 9. Bd3 Bb7 10. Ne5 Bd6 11. f4 c5 12. Qf3 Nc6 13. 0-0 cxd4 14. Nxc6 Bxc6 15. exd4 Re8 16. Rce1 Bb4 17. Re5 Ne4 18. Be1 Bxc3 19. Bxc3 f6 20. Rxe8+ Qxe8 21. Re1 Qd7 22. Qd1 Ba4 23. Qf3 f5 24. h3 Bb5 25. Bxb5 Qxb5 26. g4 Rf8 27. g5 a5 28. Qe2 Qc6 29. Qd3 Rc8 30. Re3 Qc4 31. Qb1 Qc7 32. Qf1 Qc4 33. Qb1 b5 34. Bxa5 Qxd4 35. Qd3 Rc1+ 36. Kg2 Qc5 37. Bc3 Qc4 38. a3 Kf7 39. Qxc4 bxc4 40. Be5 Rd1 41. a4 d4 42. Ra3 d3 43. Bc3 Nxc3 44. bxc3 Rc1 0-1

[Event "Mumbai Mayors Cup 10th"]
[Site "Mumbai"]
[Date "2017.06.05"]
[Round "3.38"]
[White "Kothari, Swapnil"]
[Black "Gajwa, Ankit"]
[Result "0-1"]
[WhiteElo "1942"]
[BlackElo "2309"]
[PlyCount "72"]
[EventDate "2017.06.04"]
[EventType "swiss"]
[EventRounds "10"]
[EventCountry "IND"]
[SourceTitle "CBM 178 Extra"]
[Source "ChessBase"]
[SourceDate "2017.06.22"]
[SourceVersion "1"]
[SourceVersionDate "2017.06.22"]
[SourceQuality "1"]

1. d4 Nf6 2. c4 g6 3. Nc3 Bg7 4. Nf3 0-0 5. g3 d6 6. Bg2 Nbd7 7. 0-0 e5 8. b3 Re8 9. e3 c6 10. Qc2 Nf8 11. dxe5 dxe5 12. Rd1 Qa5 13. Bd2 Qc7 14. Rac1 Bf5 15. e4 Bg4 16. h3 Bxf3 17. Bxf3 Ne6 18. Be3 Qe7 19. Qb2 h5 20. b4 a5 21. a3 axb4 22. axb4 Red8 23. Bb6 Rxd1+ 24. Rxd1 Bf8 25. Rb1 Bh6 26. b5 Nd7 27. bxc6 bxc6 28. c5 Ndxc5 29. Bxc5 Qxc5 30. Ne2 Rd8 31. Qb7 Ng5 32. Bg2 Rd2 33. Qa6 Bf8 34. h4 Ne6 35. Rc1 Qa3 36. Qc4 Rxe2 0-1

[Event "Mumbai Wealth op"]
[Site "Mumbai"]
[Date "2016.02.01"]
[Round "5"]
[White "Aan, Sikka"]
[Black "Kothari, Swapnil"]
[Result "0-1"]
[WhiteElo "1678"]
[BlackElo "2025"]
[PlyCount "68"]
[EventDate "2016.01.28"]
[EventType "swiss"]
[EventRounds "9"]
[EventCountry "IND"]
[SourceTitle "CBM 170 Extra"]
[Source "ChessBase"]
[SourceDate "2016.02.25"]
[SourceVersion "1"]
[SourceVersionDate "2016.02.25"]
[SourceQuality "1"]

1. e4 c5 2. Nc3 a6 3. f4 e6 4. Nf3 Nc6 5. g3 d5 6. Bg2 d4 7. Nb1 Nf6 8. d3 b5 9. Nbd2 Bb7 10. 0-0 Be7 11. h3 Rc8 12. b3 0-0 13. g4 Qc7 14. Nh2 Na5 15. g5 Nd7 16. a3 c4 17. b4 Nc6 18. dxc4 bxc4 19. Nhf3 Qxf4 20. Nxc4 Qc7 21. Nb2 Nb6 22. Nd3 Nc4 23. Nfe1 Ne3 24. Bxe3 dxe3 25. Nf3 Qb6 26. Qe2 Nd4 27. Qxe3 Nxf3+ 28. Rxf3 Qxe3+ 29. Rxe3 Rxc2 30. h4 h6 31. gxh6 Bf6 32. hxg7 Rd8 33. Ne1 Rxg2+ 34. Kxg2 Bxa1 0-1

[Event "Mumbai Wealth op"]
[Site "Mumbai"]
[Date "2016.01.30"]
[Round "3"]
[White "Nikhil, Magizhnan"]
[Black "Kothari, Swapnil"]
[Result "1-0"]
[WhiteElo "1601"]
[BlackElo "2025"]
[PlyCount "85"]
[EventDate "2016.01.28"]
[EventType "swiss"]
[EventRounds "9"]
[EventCountry "IND"]
[SourceTitle "CBM 170 Extra"]
[Source "ChessBase"]
[SourceDate "2016.02.25"]
[SourceVersion "1"]
[SourceVersionDate "2016.02.25"]
[SourceQuality "1"]

1. e4 c5 2. Nf3 d6 3. d4 cxd4 4. Nxd4 Nf6 5. Nc3 g6 6. Be3 Bg7 7. f3 Nc6 8. Qd2 0-0 9. Bc4 Bd7 10. 0-0-0 Ne5 11. Bb3 Rc8 12. Kb1 Nc4 13. Bxc4 Rxc4 14. g4 b5 15. b3 Rc8 16. Ndxb5 Qa5 17. a4 a6 18. Nd5 Qd8 19. Nbc3 Nxd5 20. Nxd5 Rb8 21. Bd4 f6 22. Bb2 Be6 23. h4 Rf7 24. Rhg1 Qd7 25. Qe2 Qb7 26. f4 Bd7 27. Qc4 e6 28. Ne3 Rc8 29. Qd3 Bc6 30. Qxd6 Bxe4 31. Qxe6 Kh8 32. Rd2 Re7 33. Qd6 Rec7 34. Ka2 Rc6 35. Qd4 Re6 36. Qd7 Qxd7 37. Rxd7 Bc6 38. Rd3 Be4 39. Rd2 Bf3 40. Nc4 Kg8 41. f5 Re2 42. Rd7 Rxc2 43. Ra7 1-0

[Event "Mumbai Mayors Cup 4th"]
[Site "Mumbai"]
[Date "2011.09.17"]
[Round "2"]
[White "Kothari, Swapnil"]
[Black "Swapnil, S Dhopade"]
[Result "0-1"]
[WhiteElo "2106"]
[BlackElo "2411"]
[PlyCount "76"]
[EventDate "2011.09.16"]
[EventType "swiss"]
[EventRounds "11"]
[EventCountry "IND"]
[SourceTitle "CBM 144 Extra"]
[Source "ChessBase"]
[SourceDate "2011.10.28"]
[SourceVersion "1"]
[SourceVersionDate "2011.10.28"]
[SourceQuality "1"]

1. d4 Nf6 2. c4 c5 3. dxc5 e6 4. Nc3 Bxc5 5. e3 0-0 6. Nf3 d5 7. Qc2 Nc6 8. a3 Qe7 9. Be2 Bd7 10. 0-0 Rac8 11. b4 Bd6 12. c5 Bb8 13. Bb2 e5 14. e4 dxe4 15. Nxe4 Nxe4 16. Qxe4 f5 17. Bc4+ Kh8 18. Qc2 e4 19. Rfe1 Be8 20. Qc3 Qc7 21. Rad1 Bh5 22. Rd6 exf3 23. Red1 Qe7 24. Re6 Qg5 25. g3 Rcd8 26. Rde1 f4 27. b5 Nd4 28. h4 Qxc5 29. R6e4 fxg3 30. Rxd4 gxf2+ 31. Kxf2 Be5 32. Rxe5 Qxe5 33. Rxd8 Qh2+ 34. Ke3 Qg1+ 35. Ke4 Rxd8 36. Be6 Qg6+ 37. Bf5 Re8+ 38. Kf4 Qd6+ 0-1